000 00299nam a22001337a 4500
008 170707b xxu||||| |||| 00| 0 eng d
020 _a9780312259136
041 _aeng
080 _a82
100 _a22
101 _aGJL
245 _aWAYS OF MAKING LITERATURE MATTER
_cSCHILB,J
942 _2udc
_cBK
999 _c20019
_d20019